00911nam a22002657a 450000500170000000800410001702000180005804000270007604100080010304400070011108200200011810000210013824501370015926000250029630000490032165000570037065000250042770000240045270000270047670000350050370000250053870000260056370000310058970000250062020160726155408.0160726b2014 ec ||||| |||| 00| 0 spa d a9789978993293 aCO-BoIAVH cCO-BoIAVH  aspa aec14a333.91814bH71p1 aHofstede, Robert14aLos páramos andinos. ¿Qué sabemos?:bEstado de conocimiento sobre el impacto del cambio climático en el ecosistema páramo. aQuito:bUICN,c2014. a154 páginasbtablas, fotografías a color12aPáramos xestado del conocimientozRegión Andina 0aCambios climáticos1 aCalles, Juaneautor1 aLópez, Victoreautor1 aPolanco Ochoa, Rocíoeautora1 aTorres, Fideleautor1 aUlloa, Janetheautora1 aVásquez, Adrianaeautora1 aCerra, Marcoseautor